Informe final abril 2007 : (Registro nro. 8067)

Detalles MARC
000 -LIDER
fixed length control field 01024nam a2200289 a 4500
001 - NÚMERO DE CONTROL
Identificador de número de control 000038247
003 - IDENTIFICACDOR DE NÚMERO DE CONTROL
control field DO-SdBNP
005 - DATE AND TIME OF LATEST TRANSACTION
control field 20210510112103.0
007 - CAMPOS FIJOS DE DESCRIPCIÓN FÍSICA
fixed length control field 000038247
008 - ELEMENTOS DE LONGITUD FIJA
fixed length control field 130405s2007 dr 000 0 spa d
020 ## - ISBN
International Standard Book Number 9789945862201
040 ## - FUENTE DE CATALOGACIÓN
Agencia que crea de manera original el registro BPMSU
Idioma de catalogación spa
Agencia que realiza la transcripción BPMSU
082 #4 - NÚMERO DE CLASIFICACIÓN DECIMAL DE DEWEY
Classification number 342.03
Item number C758i
Edition number 22
092 ## - LOCALLY ASSIGNED DEWEY DECIMAL CALL NUMBER
Número de clasificación
110 2# - ASIENTO PRINCIPAL--NOMBRE CORPORATIVO
Nombre corporativo o de jurisdicción Consulta Popular para la Reforma Constitucional
245 00 - MENCIÓN DE TITULO
Título Informe final abril 2007 :
Subtítulo Consulta popular para la reforma constitucional
260 ## - PUBLICACIÓN, DISTRIBUCIÓN, ETC. (PIE DE IMPRENTA)
Lugar de publicación, distribución, etc Santo Domingo :
Nombre del editor, distribuidor, etc. Comisión Ejecutiva para el Proceso de Reforma Constitucional
Fecha de publicación, distribución, etc 2007.
300 ## - DESCRIPCIÓN FÍSICA
Extensión 385 p. :
Otros detalles físicos il. ;
Dimensiones 29 cm.
650 #4 - ENCABEZAMIENTO DE MATERIA--TEMÁTICO
Término temático o nombre geográfico como elemento de entrada Derecho constitucional
Subdivisión geográfica Reública Dominicana
650 #4 - ENCABEZAMIENTO DE MATERIA--TEMÁTICO
Término temático o nombre geográfico como elemento de entrada Ley constitucional
650 #4 - ENCABEZAMIENTO DE MATERIA--TEMÁTICO
Término temático o nombre geográfico como elemento de entrada Reformas constitucionales
Subdivisión geográfica República Dominicana
650 #4 - ENCABEZAMIENTO DE MATERIA--TEMÁTICO
Término temático o nombre geográfico como elemento de entrada Participación política
Subdivisión geográfica República Dominicana
710 ## - ASIENTO SECUNDARIO -- NOMBRE CORPORATIVO
Nombre corporativo o de jurisdicción Comisión Ejecutiva para el Proceso de Reforma Constitucional (República Dominicana)
910 ## - VALIDACIÓN
Validación VMateo
942 ## - ADDED ENTRY ELEMENTS (KOHA)
Source of classification or shelving scheme Dewey Decimal Classification
Koha item type Libros
956 ## - LOCAL ELECTRONIC LOCATION AND ACCESS (OCLC)
Nombre de host
Número de acceso
Información de compresión
Inicio de sesión
Procesador de solicitud
Existencias
Withdrawn status Lost status Source of classification or shelving scheme Damaged status Not for loan Collection code Home library Current library Date acquired Source of acquisition Total Checkouts Full call number Barcode Date last seen Price effective from Koha item type Copy number
    Dewey Decimal Classification     Colección Dominicana Biblioteca Municipal Prof. Juan Bosch Biblioteca Municipal Prof. Juan Bosch 12/07/2020     342.03 C758i BMPJB20120001 12/07/2020 12/07/2020 Libros  
    Dewey Decimal Classification     Colección Dominicana Biblioteca Municipal Prof. Juan Bosch Biblioteca Municipal Prof. Juan Bosch 12/07/2020     342.03 C758i BMPJB20120002 12/07/2020 12/07/2020 Libros e.2
    Dewey Decimal Classification     Colección Dominicana Biblioteca Municipal Prof. Juan Bosch Biblioteca Municipal Prof. Juan Bosch 12/07/2020     342.03 C758i BMPJB20120003 12/07/2020 12/07/2020 Libros e.3
    Dewey Decimal Classification     Colección Dominicana Biblioteca Municipal Prof. Juan Bosch Biblioteca Municipal Prof. Juan Bosch 12/07/2020     342.03 C758i BMPJB20120004 12/07/2020 12/07/2020 Libros e.4
    Dewey Decimal Classification     Colección Dominicana Biblioteca Municipal Prof. Juan Bosch Biblioteca Municipal Prof. Juan Bosch 12/07/2020     342.03 C758i BMPJB20120005 12/07/2020 12/07/2020 Libros e.5
    Dewey Decimal Classification     Colección Dominicana Biblioteca Pública Metropolitana Salomé Ureña Biblioteca Pública Metropolitana Salomé Ureña 08/05/2015 FUNDI   BPMSU CD 342.03 C758i BPMSU15080046 08/05/2015 08/05/2015 Libros  
    Dewey Decimal Classification     Colección Dominicana Biblioteca Pública Metropolitana Salomé Ureña Biblioteca Pública Metropolitana Salomé Ureña 08/05/2015 FUNDI   BPMSU CD 342.03 C758i BPMSU15080047 08/05/2015 08/05/2015 Libros e. 2
    Dewey Decimal Classification     Colección Dominicana Biblioteca Pública Metropolitana Salomé Ureña Biblioteca Pública Metropolitana Salomé Ureña 08/05/2015 FUNDI   BPMSU CD 342.03 C758i BPMSU15080048 08/05/2015 08/05/2015 Libros e.3